India in the year 2000 A.D. (Record no. 15342)

MARC details
000 -LEADER
fixed length control field 00267nam a2200121Ia 4500
082 ## - DEWEY DECIMAL CLASSIFICATION NUMBER
Classification number RI.000;
100 ## - MAIN ENTRY--AUTHOR NAME
Personal name Iqbal Narain
245 #0 - TITLE STATEMENT
Title India in the year 2000 A.D.
260 ## - PUBLICATION, DISTRIBUTION, ETC. (IMPRINT)
Year of publication 1987
300 ## - PHYSICAL DESCRIPTION
Number of Pages 262p.
942 ## - ADDED ENTRY ELEMENTS (KOHA)
Koha item type Books
Holdings
Withdrawn status Lost status Damaged status Not for loan Home library Current library Date acquired Bill Date Full call number Accession Number Price effective from Koha item type
        NASSDOC Library NASSDOC Library 08/10/2004 2004-10-22 RI.000; 26907 18/04/2019 Books